[Event "HUN-chT2 Charousek 0405"]
[Site "Hungary"]
[Date "2005.04.10"]
[Round "10"]
[White "Lovasz, Barnabas"]
[Black "Csatho, Lilla"]
[Result "0-1"]
[WhiteElo "1942"]
[BlackElo "1929"]
[PlyCount "42"]
[EventDate "2004.09.26"]
[EventType "team"]
[EventRounds "11"]
[EventCountry "HUN"]
[SourceTitle "EXT 2008"]
[Source "ChessBase"]
[SourceDate "2007.11.25"]
[SourceVersion "1"]
[SourceVersionDate "2007.11.25"]
[SourceQuality "1"]
[WhiteTeam "Keszthely"]
[BlackTeam "Geniusz Tata"]
[WhiteTeamCountry "HUN"]
[BlackTeamCountry "HUN"]

1. e4 c5 2. Nf3 Nc6 3. d4 cxd4 4. Nxd4 Nf6 5. Nc3 e5 6. Ndb5 d6 7. Nd5 Nxd5 8. exd5 Nb8 9. c4 Bf5 10. Be3 Nd7 11. Be2 Be7 12. 0-0 0-0 13. f4 exf4 14. Bxf4 Qb6+ 15. Nd4 Bf6 16. Be3 Bg6 17. Qd2 Rfe8 18. b4 Rxe3 19. c5 dxc5 20. Rxf6 Qxf6 21. Qxe3 cxd4 0-1

[Event "HUN-chT2 Charousek 0405"]
[Site "Hungary"]
[Date "2005.02.20"]
[Round "8"]
[White "Lovasz, Barnabas"]
[Black "Honsch, Kamilla"]
[Result "1-0"]
[WhiteElo "1942"]
[BlackElo "1815"]
[PlyCount "119"]
[EventDate "2004.09.26"]
[EventType "team"]
[EventRounds "11"]
[EventCountry "HUN"]
[SourceTitle "EXT 2008"]
[Source "ChessBase"]
[SourceDate "2007.11.25"]
[SourceVersion "1"]
[SourceVersionDate "2007.11.25"]
[SourceQuality "1"]
[WhiteTeam "Keszthely"]
[BlackTeam "Szentendre"]
[WhiteTeamCountry "HUN"]
[BlackTeamCountry "HUN"]

1. e4 d5 2. exd5 Qxd5 3. Nc3 Qa5 4. d4 Nf6 5. Nf3 c6 6. Bd2 Bf5 7. Bc4 e6 8. h3 Bb4 9. a3 Bxc3 10. Bxc3 Qc7 11. b3 Nbd7 12. Ne5 0-0 13. 0-0 Rfd8 14. Re1 Ne4 15. Qf3 Nxe5 16. dxe5 Nxc3 17. Qxc3 Rd7 18. Rad1 Rxd1 19. Rxd1 Rd8 20. Rd2 h6 21. Bd3 Bxd3 22. cxd3 Rd5 23. Re2 Qd7 24. Re3 c5 25. Kf1 b6 26. Ke2 Rd4 27. Re4 Qd5 28. f3 a5 29. Ke3 Rxe4+ 30. fxe4 Qd8 31. g3 Qg5+ 32. Kf2 g6 33. d4 Kg7 34. d5 exd5 35. exd5 Qf5+ 36. Kg2 Qe4+ 37. Kg1 Qb1+ 38. Kf2 Qf5+ 39. Kg1 Qb1+ 40. Kf2 Qf5+ 41. Ke3 Qg5+ 42. Ke2 f6 43. exf6+ Qxf6 44. Kd3 Kf7 45. Qxf6+ Kxf6 46. a4 Ke5 47. Kc4 Kd6 48. Kb5 Kxd5 49. Kxb6 c4 50. bxc4+ Kxc4 51. Kxa5 Kc5 52. Ka6 Kc6 53. a5 g5 54. g4 Kc7 55. Kb5 Kb7 56. Kc5 Ka6 57. Kd5 Kxa5 58. Ke5 Kb5 59. Kf5 Kc5 60. Kg6 1-0